शनि शमन / (Record no. 112072)
[ view plain ]
| 000 -LEADER | |
|---|---|
| fixed length control field | 01019nam a22002537a 4500 |
| 005 - DATE AND TIME OF LATEST TRANSACTION | |
| control field | 20170124102933.0 |
| 010 ## - LIBRARY OF CONGRESS CONTROL NUMBER | |
| LC control number | B-083220 |
| 020 ## - INTERNATIONAL STANDARD BOOK NUMBER | |
| Terms of availability | 215.00 |
| 035 ## - SYSTEM CONTROL NUMBER | |
| System control number | B-083220 |
| 037 ## - SOURCE OF ACQUISITION | |
| Source of stock number/acquisition | Cen Lib/Ret |
| 040 ## - CATALOGING SOURCE | |
| Original cataloging agency | DPL |
| Language of cataloging | HN |
| 082 ## - DEWEY DECIMAL CLASSIFICATION NUMBER | |
| Classification number | 133.53 |
| Item number | त्रिवेदी |
| 100 ## - MAIN ENTRY--PERSONAL NAME | |
| Personal name | त्रिवेदी, मृदुला |
| 9 (RLIN) | 45747 |
| 245 ## - TITLE STATEMENT | |
| Title | शनि शमन / |
| Statement of responsibility, etc | मृदुला त्रिवेदी |
| 246 ## - VARYING FORM OF TITLE | |
| Title proper/short title | Shani shaman / |
| Remainder of title | by Mridula Trivedi |
| 260 ## - PUBLICATION, DISTRIBUTION, ETC. (IMPRINT) | |
| Name of publisher, distributor, etc | मोतीलाल बनारसीदास |
| Place of publication, distribution, etc | दिल्ली |
| Date of publication, distribution, etc | 1994 |
| 270 ## - ADDRESS | |
| Address | बंगलो रोड |
| City | दिल्ली |
| Postal code | 110007 |
| 300 ## - PHYSICAL DESCRIPTION | |
| Extent | xxv,284पृ. |
| Dimensions | 21सेमी (सजिल्द) |
| 650 ## - SUBJECT ADDED ENTRY--TOPICAL TERM | |
| Topical term or geographic name as entry element | शनि -- प्राथमिक परिचय |
| 9 (RLIN) | 44437 |
| 650 ## - SUBJECT ADDED ENTRY--TOPICAL TERM | |
| Topical term or geographic name as entry element | हिन्दी -- साहित्य |
| 9 (RLIN) | 45748 |
| 650 ## - SUBJECT ADDED ENTRY--TOPICAL TERM | |
| Topical term or geographic name as entry element | Sat - Elementary Introduction |
| 9 (RLIN) | 45749 |
| 650 ## - SUBJECT ADDED ENTRY--TOPICAL TERM | |
| Topical term or geographic name as entry element | Hindi literature |
| 9 (RLIN) | 45750 |
| 942 ## - ADDED ENTRY ELEMENTS (KOHA) | |
| Source of classification or shelving scheme | Dewey Decimal Classification |
| Koha item type | Hindi Books |
| Classification part | 133.53 |
| Call number suffix | त्रिवेदी |
| Withdrawn status | Lost status | Damaged status | Not for loan | Home library | Current library | Date acquired | Source of acquisition | Cost, normal purchase price | Total Checkouts | Total Renewals | Full call number | Barcode | Date last seen | Date checked out | Copy number | Cost, replacement price | Price effective from | Koha item type |
|---|---|---|---|---|---|---|---|---|---|---|---|---|---|---|---|---|---|---|
| Central Library | Central Library | 06/08/2015 | Cen Lib/Ret | 215.00 | 15 | 6 | 133.53 त्रिवेदी | B-083220 | 23/03/2021 | 05/03/2021 | 1 | 215.00 | 06/08/2015 | Hindi Books |
